| 000 | 00756nam a22002417a 4500 | ||
|---|---|---|---|
| 005 | 20240919095523.0 | ||
| 008 | 240919b |||||||| |||| 00| 0 eng d | ||
| 020 | _a9788192016078 | ||
| 040 |
_aIN-DiNC _cIN-DiNC |
||
| 041 | _dasm | ||
| 082 |
_a320 _bSHA |
||
| 100 |
_aSharma, Durgakanta _eauthor |
||
| 245 |
_aUchchatar madhyamik rajniti bigyan (XII)/ _cby Durgakanta Sharma, Rofique Zaman and Manas Pratim Baruah |
||
| 250 | _a16th ed. | ||
| 260 |
_aGuwahati: _bAssam book depot, _c2024. |
||
| 300 | _axii, 347p. | ||
| 650 | _aContemporary world politics | ||
| 650 | _aPolitics in India since independence | ||
| 650 | _aPolitical science (XII) | ||
| 700 |
_aZaman, Rofique _eauthor |
||
| 700 |
_aBaruah, Manas Pratim _eauthor |
||
| 942 |
_2ddc _cBK |
||
| 999 |
_c11965 _d11965 |
||